Handbook of agriculture in India (Record no. 6058)

MARC details
000 -LEADER
fixed length control field 00758 a2200193 4500
005 - DATE AND TIME OF LATEST TRANSACTION
control field 20080825135921.0
008 - FIXED-LENGTH DATA ELEMENTS--GENERAL INFORMATION
fixed length control field 080825t xxu||||| |||| 00| 0 eng d
010 ## - LIBRARY OF CONGRESS CONTROL NUMBER
LC control number ENG-87126
020 ## - INTERNATIONAL STANDARD BOOK NUMBER
Terms of availability 595.00
International Standard Book Number 019568673X
035 ## - SYSTEM CONTROL NUMBER
System control number EN--70659
037 ## - SOURCE OF ACQUISITION
Source of stock number/acquisition DBAD / PUB
082 ## - DEWEY DECIMAL CLASSIFICATION NUMBER
Classification number 630.954
245 ## - TITLE STATEMENT
Title Handbook of agriculture in India
Statement of responsibility, etc edited by Shovan Ray
260 ## - PUBLICATION, DISTRIBUTION, ETC. (IMPRINT)
Place of publication, distribution, etc New Delhi
Name of publisher, distributor, etc Oxford University Press
Date of publication, distribution, etc 2007
270 ## - ADDRESS
Address Y.M.C.A . Library building, Jai Singh Road,
City New Delhi
Postal code 110 001
300 ## - PHYSICAL DESCRIPTION
Extent xv, 231 p.
Dimensions 23 cm (Hb.)
942 ## - ADDED ENTRY ELEMENTS (KOHA)
Institution code [OBSOLETE] dpl
Koha item type English Books
Call number prefix 630.954 / HAN
Source of classification or shelving scheme Dewey Decimal Classification
Classification part 630.954
Call number suffix HAN
Holdings
Withdrawn status Lost status Damaged status Not for loan Home library Current library Date acquired Cost, normal purchase price Total Checkouts Full call number Barcode Date last seen Copy number Uniform Resource Identifier Cost, replacement price Price effective from Koha item type
        D.B.Act.Division D.B.Act.Division 25/08/2008 595.00   630.954 HAN EN-70659 15/09/2008 1 6494 595.00 15/09/2008 English Books

© Delhi Public Library
Hit Counter
free hit counter